Wird geladen...

Issues of information communication technology(ICT) in education/

Bibliographische Detailangaben
1. Verfasser: Shobana,Nelasco,Ed
Weitere Verfasser: Meenu,Agrawal and Austin,njiribeako Nosike,Eds
Format: Printed Book
Veröffentlicht: New Delhi: Kanishka, 2009.
Schlagworte:
LEADER 00538 a2200133 4500
020 |a 9788184571189 
100 |a Shobana,Nelasco,Ed. 
245 |a Issues of information communication technology(ICT) in education/ 
260 |a New Delhi:  |b Kanishka,  |c 2009. 
300 |3 229p. 
650 |a Teaching Technology 
700 |a Meenu,Agrawal and Austin,njiribeako Nosike,Eds. 
999 |c 187381  |d 187381 
952 |0 0  |1 0  |2 ddc  |4 0  |6 371_330000000000000_SHO_I  |7 0  |9 206674  |a EDU  |b EDU  |c GEN  |d 2017-05-08  |e gift  |g 0.00  |i G351  |l 0  |o 371.33 SHO/I  |p EDUG351  |r 2018-08-01  |w 2017-05-08  |y BK